<?xml version="1.0" encoding="UTF-8"?>
<collection xmlns="http://www.loc.gov/MARC21/slim">
<record>
  <controlfield tag="001">161878</controlfield>
  <controlfield tag="005">20251017144618.0</controlfield>
  <datafield tag="024" ind1="8" ind2=" ">
    <subfield code="2">sideral</subfield>
    <subfield code="a">144496</subfield>
  </datafield>
  <datafield tag="037" ind1=" " ind2=" ">
    <subfield code="a">ART-2025-144496</subfield>
  </datafield>
  <datafield tag="041" ind1=" " ind2=" ">
    <subfield code="a">spa</subfield>
  </datafield>
  <datafield tag="100" ind1=" " ind2=" ">
    <subfield code="a">Trujillo Pacheco, Francisco José</subfield>
    <subfield code="0">(orcid)0000-0001-8133-0658</subfield>
  </datafield>
  <datafield tag="245" ind1=" " ind2=" ">
    <subfield code="a">Aprendiendo liderazgo a través de los héroes</subfield>
  </datafield>
  <datafield tag="260" ind1=" " ind2=" ">
    <subfield code="c">2025</subfield>
  </datafield>
  <datafield tag="506" ind1="0" ind2=" ">
    <subfield code="a">Access copy available to the general public</subfield>
    <subfield code="f">Unrestricted</subfield>
  </datafield>
  <datafield tag="520" ind1="3" ind2=" ">
    <subfield code="a">El estudio del liderazgo ha generado una ---gran cantidad de publicaciones en las que se intenta explicar los modelos de liderazgo, así como buscar el tipo de liderazgo ideal, analizando e identificando cuáles son las cualidades o características que los líderes deben tener para generar un impacto positivo en sus subordinados. Además, los estudios sobre liderazgo pretenden averiguar qué habilidades son mejores para ejercer el liderazgo ideal y si estas habilidades son innatas o se pueden aprender. 
A lo largo de la historia encontramos personajes históricos que responden a un tipo de liderazgo, ya sea de rasgos, conductual, situacional o transformacional. Sin embargo, siempre fijamos nuestra atención en héroes y personajes universales. En este artículo pretendemos poner en valor héroes de la historia militar española que con su liderazgo, actuación, arrojo y decisión fueron capaces de guiar e influir en sus subordinados, protagonizando gestas heroicas que han pasado a los anales de la historia.</subfield>
  </datafield>
  <datafield tag="540" ind1=" " ind2=" ">
    <subfield code="9">info:eu-repo/semantics/openAccess</subfield>
    <subfield code="a">by-nc-nd</subfield>
    <subfield code="u">https://creativecommons.org/licenses/by-nc-nd/4.0/deed.es</subfield>
  </datafield>
  <datafield tag="655" ind1=" " ind2="4">
    <subfield code="a">info:eu-repo/semantics/article</subfield>
    <subfield code="v">info:eu-repo/semantics/publishedVersion</subfield>
  </datafield>
  <datafield tag="700" ind1=" " ind2=" ">
    <subfield code="a">Belenguer Dávila, Mª Pilar</subfield>
  </datafield>
  <datafield tag="773" ind1=" " ind2=" ">
    <subfield code="g">995 (2025), 86-81</subfield>
    <subfield code="p">Ejército tierra esp.</subfield>
    <subfield code="t">Ejército de Tierra Español</subfield>
    <subfield code="x">1696-7178</subfield>
  </datafield>
  <datafield tag="856" ind1="4" ind2="1">
    <subfield code="u">https://dialnet.unirioja.es/servlet/articulo?codigo=10220811</subfield>
    <subfield code="z">Texto completo de la revista</subfield>
  </datafield>
  <datafield tag="856" ind1="4" ind2=" ">
    <subfield code="s">4220046</subfield>
    <subfield code="u">http://zaguan.unizar.es/record/161878/files/texto_completo.pdf</subfield>
    <subfield code="y">Versión publicada</subfield>
  </datafield>
  <datafield tag="856" ind1="4" ind2=" ">
    <subfield code="s">4778208</subfield>
    <subfield code="u">http://zaguan.unizar.es/record/161878/files/texto_completo.jpg?subformat=icon</subfield>
    <subfield code="x">icon</subfield>
    <subfield code="y">Versión publicada</subfield>
  </datafield>
  <datafield tag="909" ind1="C" ind2="O">
    <subfield code="o">oai:zaguan.unizar.es:161878</subfield>
    <subfield code="p">articulos</subfield>
    <subfield code="p">driver</subfield>
  </datafield>
  <datafield tag="951" ind1=" " ind2=" ">
    <subfield code="a">2025-10-17-14:20:39</subfield>
  </datafield>
  <datafield tag="980" ind1=" " ind2=" ">
    <subfield code="a">ARTICLE</subfield>
  </datafield>
</record>
</collection>